| 000 -LEADER |
| fixed length control field |
00388nam a2200145Ia 4500 |
| 008 - FIXED-LENGTH DATA ELEMENTS--GENERAL INFORMATION |
| fixed length control field |
231017s9999||||xx |||||||||||||| ||und|| |
| 020 ## - INTERNATIONAL STANDARD BOOK NUMBER |
| International Standard Book Number |
9.7893553209e+012 |
| 082 ## - DEWEY DECIMAL CLASSIFICATION NUMBER |
| Classification number |
4.6 |
| Item number |
FOR/D |
| 100 ## - MAIN ENTRY--PERSONAL NAME |
| Personal name |
Forouzan Behrouz .A |
| 245 #0 - TITLE STATEMENT |
| Title |
Data Communications And Networking |
| 250 ## - EDITION STATEMENT |
| Edition statement |
6th Edition |
| 260 ## - PUBLICATION, DISTRIBUTION, ETC. |
| Place of publication, distribution, etc. |
Chennai |
| Name of publisher, distributor, etc. |
Mcgraw Hill Education Pvt Ltd |
| Date of publication, distribution, etc. |
2022 |
| 300 ## - PHYSICAL DESCRIPTION |
| Extent |
834p |
| 942 ## - ADDED ENTRY ELEMENTS (KOHA) |
| Koha item type |
Book |